000 00285nam a22001337a 4500
008 170516b xxu||||| |||| 00| 0 eng d
020 _a9781555841713
041 _aeng
080 _a94
100 _a16
101 _aSHH
245 _aFOUR GOTHIC KINGS
_cHALLAM, E
942 _2udc
_cBK
999 _c13375
_d13375